000 00913nam a22002891 4500
001 21381
003 CZ PrNK
005 20260228115218.0
008 020405s1952 xo g 00| 1 slo
040 _aABA001
_bcze
_cABA001
_dABA001
072 7 _a821.162.4
_xSlovenská literatura
_2Konspekt
080 _a821.162.4-34
_2MRF
080 _a(0:82-321.6)
_2MRF
100 1 _aKalinčiak, Ján,
_d1822-1871
_4aut
245 1 0 _aSvätý duch :
_bpovesti /
_cJán Kalinčiak
250 _a1. vyd.
260 _aMartin :
_bMatica slovenská,
_c1952
300 _a224 s. ;
_c
490 1 _aSlovenský literárny odkaz
490 1 _aSpisy / Ján Kalinčiak ;
_vsv. 2
655 7 _aslovenské pověsti
_2czenas
655 7 _ahistorické příběhy
_2czenas
800 1 _aKalinčiak, Ján,
_d1822-1871.
_tSpisy (Matica slovenská)
830 0 _aSlovenský literárny odkaz
910 _aABA001
942 _2ddc
_cKLDO
_n0
999 _c21381
_d21381